| Tag |
First Indicator |
Second Indicator |
Subfields |
| LEADER |
00000cam a2200000 i 4500 |
| 001 |
in00004134613 |
| 005 |
20200907160224.0 |
| 006 |
m o d f |
| 007 |
cr cn||||||||| |
| 008 |
191114s2019 mtuab ob f000 0 eng c |
| 035 |
|
|
|a (OCoLC)on1127629282
|
| 042 |
|
|
|a pcc
|
| 040 |
|
|
|a INU
|b eng
|e rda
|e pn
|c INU
|d INU
|d GPO
|d MvI
|
| 049 |
|
|
|a WWW
|
| 074 |
|
|
|a 0612-C-01 (online)
|
| 086 |
0 |
|
|a I 49.44/3-2:B 54/3/FINAL
|
| 110 |
2 |
|
|a U.S. Fish and Wildlife Service,
|e author.
|
| 245 |
1 |
0 |
|a Final comprehensive conservation plan and environmental impact statement, National Bison Range, Montana /
|c prepared by U.S. Fish & Wildlife Service.
|
| 246 |
3 |
0 |
|a National Bison Range, Montana
|
| 264 |
|
1 |
|a [Moiese, Mont.] :
|b U.S. Fish & Wildlife Service, National Wildlife Refuge System,
|c 2019.
|
| 300 |
|
|
|a 1 online resource (1 volume (various pagings)) :
|b color illustrations, color maps
|
| 336 |
|
|
|a text
|b txt
|2 rdacontent
|
| 337 |
|
|
|a computer
|b c
|2 rdamedia
|
| 338 |
|
|
|a online resource
|b cr
|2 rdacarrier
|
| 500 |
|
|
|a "September 2019."
|
| 504 |
|
|
|a Includes bibliographical references.
|
| 588 |
|
|
|a Description based on online resource; title from PDF title page (USFWS, viewed Dec. 30, 2019).
|
| 651 |
|
0 |
|a National Bison Range (Mont.)
|x Planning.
|
| 651 |
|
0 |
|a National Bison Range (Mont.)
|x Environmental conditions.
|
| 650 |
|
0 |
|a American bison
|x Habitat
|x Conservation.
|
| 710 |
2 |
|
|a National Wildlife Refuge System (U.S.),
|e issuing body.
|
| 856 |
4 |
0 |
|u https://purl.fdlp.gov/GPO/gpo130118
|t 0
|
| 999 |
f |
f |
|s 24899dcf-f314-3764-947f-7ef127c98953
|i 29cb6e1b-5df3-3447-89ca-1d18048c7eaa
|t 0
|
| 952 |
f |
f |
|a Texas A&M University
|b College Station
|c Electronic Resources
|d Available Online
|t 0
|e I 49.44/3-2:B 54/3/FINAL
|h Superintendent of Documents classification
|
| 998 |
f |
f |
|a I 49.44/3-2:B 54/3/FINAL
|t 0
|l Available Online
|